[Event "Gran Canaria-ch U08 Girls"]
[Site "Gran Canaria"]
[Date "2013.03.08"]
[Round "1.3"]
[White "Monagas Ojeda, Ines"]
[Black "Trujillo Morales, Sofia"]
[Result "0-1"]
[WhiteElo "1200"]
[BlackElo "1200"]
[PlyCount "23"]
[EventDate "2013.03.08"]
[EventType "swiss"]
[EventRounds "7"]
[EventCountry "ESP"]
[SourceTitle "EXT 2024"]
[Source "ChessBase"]
[SourceDate "2023.10.10"]
[SourceVersion "1"]
[SourceVersionDate "2023.10.10"]
[SourceQuality "1"]

1. Nf3 Nc6 2. Nc3 e5 3. d4 f6 4. e4 Bb4 5. Be3 Bxc3+ 6. Ke2 exd4 7. Nh4 dxe3 8. Qd3 Qe7 9. Qxc3 Qb4 10. Qxe3 Qb5+ 11. Kd1 d5 12. exd5+ 0-1